000 00854nam a22002531 4500
001 30487
003 BD-RjUL
005 20211209051555.0
008 140410s1967 enk b 001 0 eng d
035 _a(BD-RjUL)30573
035 _a(OCoLC)36548404
040 _aDLC
_cNcBsG
_dDLC
_dBD-RjUL
_beng
041 _aeng
082 0 0 _a180
_bGUH 1962
_223
100 1 _aGuthrie, William Keith Chambers,
_d1906-
_992641
245 1 2 _aA history of Greek philosophy /
_cWilliam Keith Chambers Guthrie.
260 _aCambridge :
_bUniversity Press,
_c1962
300 _a V. ;
_c23 cm.
504 _aIncludes bibliographical references and index.
505 _aV. 1. The earlier Presocratics and Pythagoreans -- v. 2. The Presocratic tradition from Parmenides to Democritus --
650 0 _aPhilosophy, ancient.
_93836
942 _2ddc
_cBK
999 _c30487
_d30487